000 01174nam0a2200301 4500
001 RU\NLR\bibl\600948
005 20250610142232.0
010 _a5-699-07603-4
_95000
021 _aRU
_b2004-70814
_93492
035 _a(NLR Aleph) 000592890
090 _a1724389
_c1724389
100 _a20050124d2004 |||y0rusy50 ca
101 1 _arus
_ceng
102 _aRU
105 _aa |||||||||
200 1 _aАэробика для верхней части фигуры
_eПрогр. физ. упражнений для формирования идеал. формы рук, плеч, спины и груди
_fБред Шэнфилд
_g[Пер. с англ. Т. Новиковой]
210 _aМ.
_cЭксмо
_d2004
215 _a206,[1] с.
_cил.
_d21
606 0 _aРитмическая гимнастика
_91451393
_3RU\NLR\auth\66305025
606 1 _aАэробика
_92436398
_3RU\NLR\AUTH\6601667797
686 1 _aЧ516.922
700 1 _aШэнфилд
_bБ.
_gБрэд
_4070
801 0 _aRU
_bNLR
_c20050124
_gPSBO
801 1 _aRU
_bNLR
_c20050124
942 _cBOOK
980 _aNB